Every fnaf animatronic - Statistics

General Stats
  • This quiz has been taken 620 times
  • The average score is 48 of 69
Answer Stats
Hint Answer % Correct
Bonnie
100%
Chica
100%
Fnaf 1 Freddy
100%
Foxy
99%
Golden Freddy
98%
Toy bonnie
95%
Toy chica
95%
Fnaf 2 Toy freddy
95%
Mangle
93%
Balloon Boy
88%
Withered Bonnie
88%
Withered Chica
88%
Withered Freddy
88%
Fnaf 3 Springtrap
87%
Withered Foxy
86%
Phantom Freddy
84%
Nightmare
83%
Phantom Chica
82%
Nightmare Bonnie
81%
Fnaf 4 Nightmare Freddy
81%
Phantom Foxy
81%
Funtime Freddy
80%
Marionette
80%
Nightmare Chica
80%
Ballora
79%
Funtime Foxy
79%
Nightmare Foxy
79%
Phantom Balloon Boy
78%
Nightmare Fredbear
77%
Phantom Mangle
75%
SL Baby
73%
Ennard
73%
Withered Golden Freddy
72%
Jack O Chica
70%
Phantom Marionette
70%
BonBon
69%
Fnaf 4 HE Jack O Bonnie
69%
Nightmare Balloon Boy
69%
Nightmare Mangle
69%
Plushtrap
69%
Lefty
67%
Pizzeria simulator Rockstar Freddy
67%
Rockstar Bonnie
66%
Rockstar Chica
66%
Bidybab
65%
Minireena
65%
Rockstar Foxy
65%
Scrap Baby
65%
Molten Freddy
63%
Bonnet
62%
Nightmarionne
62%
Lolbit
61%
Mr Hippo
61%
Happy Frog
59%
Funtime Chica
56%
Electrobab
54%
Yenndo
54%
Orville Elephant
53%
Pigpatch
52%
Nedd Bear
50%
Helpy
49%
El Chip
46%
Afton
45%
Music Man
45%
Mr Hugs
35%
Pan Stan
33%
Bucket Bob
31%
Mr Can do
29%
Number One Crate
13%
No matching quizzes found
Score Distribution
Percent of People with Each Score
Percentile by Number Answered
Your Score History
You have not taken this quiz